000 02998nam a2200229Ia 4500
003 Ost
005 20260507075314.0
008 260507s9999||||xx |||||||||||||| ||und||
020 _a9789957323202
040 _cfsecg
041 _aara
082 _a346.1
100 _aجويحان، معن عبد الرحيم عبد العزيز
_eمؤلف
245 0 _aالنظام القانوني لتخفيض رأس مال شركات الأموال الخاصة :
_bدراسة مقارنة /
_c معن عبد الرحيم عبد العزيز جويحان
260 _aعمان:
_bدار الحامد,
_c2008
300 _a333 صفحة؛
_c25 سم
504 _aببليوغرافيا: ص.309
520 _a يعرض هذا الكتاب في طياته : المقدمة-الفصل الأول : رأس مال شركات الأموال الخاصة : المبحث الأول : التعريف برأس مال شركات الأموال الخاصة : المطلب الثاني : تقسيم رأس المال : المطلب الرابع : مبدأ ثبات رأس المال : المبحث الثاني : نكوين رأس مال شركات الأموال الخاصة : المطلب الأول : عناصر رأس المال : المطلب الثاني : تحديد رأس المال-الفصل الثاني : ماهية تخفيض رأس مال شركات الأموال الخاصة : المبحث الأول : مفهوم تخفيض رأس مال شركات الأموال الخاصة وتمييزه مما يشتبه به : المطلب الثاني : تمييز التخفيض مما يشتبه به : المبحث الثاني : أسباب تخفيض رأس مال شركات الأموال الخاصة وشروطه : المطلب الأول : أسباب التخفيض-الفصل الثالث : طرق تخفيض رأس مال شركات الأموال الخاصة :المبحث الأول : تخفيض رأس المال بتخفيض القيمة الاسمية للاسهم أوعددها : المبحث الثاني : تخفيض رأس المال عن طريق شراء الشركة لاسهمها : المطلب الأول : حق الشركة في شراء اسهمها : المطلب الثاني : شراء الأسهم بقصد تخفيض رأس المال - الفصل الرابع : اجراءات تخفيض رأس مال شركات الأموال الخاصة والطعن فيها : المبحث الأول : اجراءات تخفيض رأس مال شركات الأموال الخاصة : المطلب الأول : الإجراءات السابقة على اتخاذ قرارات التخفيض : المطلب الثاني : اصدار قرار التخفيض : المبحث الثاني : الطعن في قرار تخفيض رأس مال شركات الأموال الخاصة : المطلب الأول : الأشخاص الذين لهم حق الطعن في قرار التخفيض.
653 _aالشركات الخاصة
653 _aرأس المال
942 _cكتاب
999 _c43886
_d43886